[Event "Redbus KO"]
[Site "Southend"]
[Date "2001.04.16"]
[Round "4.1"]
[White "Adams, Michael"]
[Black "Hodgson, Julian M"]
[Result "1-0"]
[WhiteElo "2750"]
[BlackElo "2595"]
[Annotator "Rabinovich,Al"]
[PlyCount "53"]
[EventDate "2001.04.13"]
[EventType "k.o."]
[EventRounds "4"]
[EventCountry "ENG"]
[SourceTitle "CBM 083"]
[Source "ChessBase"]
[SourceDate "2001.07.05"]
[SourceVersion "1"]
[SourceVersionDate "2001.07.05"]
[SourceQuality "1"]

1. e4 {[%mdl 2176]} g6 2. d4 Bg7 3. Nc3 d6 4. Be3 a6 (4... Nd7 5. Qd2 e5 6.
O-O-O Ne7 7. dxe5 dxe5 8. Bh6 $14 O-O 9. h4 f5 10. Bc4+ Kh8 11. Bxg7+ Kxg7 12.
Be6 Rf6 13. exf5 Nxf5 14. Bxd7 Rd6 15. Bxf5 Rxd2 16. Rxd2 Qf6 17. Bxc8 Rxc8 18.
Nf3 $18 {1-0 Tolnai,T-Varga,K/Zalakaros 1995/EXT 97 (29)}) 5. Qd2 b5 6. h4 (6.
O-O-O Bb7 7. f3 Nd7 8. h4 $13 {0-1 Gufeld,E-Kindermann,S/Dortmund 1983/MCD (42)
}) 6... h6 $6 (6... h5 7. Nf3 Nf6 8. Ng5 Ng4 9. Bf4 f6 10. Nh3 e5 {1/2-1/2
Adams,M-Piket,J/Solingen GER 2001 (54)}) 7. O-O-O Nd7 8. f4 {[%cal Gh4h5]} h5 {
Black lost a tempo - h6 was bad. Black is probably forced to play this move,
since letting white to play h5 looks very dangerous for black.} 9. Nf3 {
[%csl Gg5]} Ngf6 10. Bd3 (10. e5 b4 11. Ne2 Nd5 12. Ng3 {[%cal Gf4f5]} N7b6 13.
Bd3 $11) 10... Nb6 (10... b4 11. Ne2 Bb7 12. Ng3 {[%csl Rb4][%cal Gf4f5] with
two ideas: Q:b4 and f5.}) (10... O-O 11. f5 $40 {threatening f:g6 with e5} gxf5
12. exf5 $40 {[%cal Ge3h6,Gc3e4]}) 11. f5 {The advance of the h-pawn has
weekenned g6, and White exploits that.} (11. e5 $6 Nfd5 {White has no
advantage here.}) 11... gxf5 {Black couldn't allow f:g6 with e5.} 12. exf5 Nc4
(12... b4 13. Ne4 Nfd5 (13... Nxe4 14. Bxe4 Rb8 15. Kb1 $14) (13... Bb7 14.
Nxf6+ Bxf6 15. Ng5 $14) 14. Neg5 $14) 13. Qe1 (13. Bxc4 $6 bxc4 {[%csl Rf5]})
13... Nxe3 14. Qxe3 Bh6 (14... Bb7 15. Kb1 Bh6 16. Ng5 {transfers to the game})
15. Ng5 Bb7 16. Kb1 Rg8 (16... Bxg2 {with no shame, but at least to be a pawn
up...} 17. Rhg1 Bb7 18. Nce4 Bxe4 19. Bxe4 d5 20. Bf3 $44 {[%csl Re7][%cal
Gd1e1,Ge1e2,Gf1e1] With compensation for the pawn}) (16... Qd7 17. Rde1 {
The long castle is prevented.}) 17. Nce4 {[%csl Re8]} Bxe4 (17... Nd5 18. Qf3
$16 {[%csl Rh5]}) (17... Ng4 18. Qe2 {The knight can't be moved from g4 but
it's useless. white simply prepare Nf2 or f6.}) (17... Nxe4 18. Bxe4 Bxe4 19.
Qxe4 Bxg5 20. hxg5 Rxg5 21. Qc6+ Kf8 22. Qf3 {[%cal Gh1h5]} Kg7 23. Rxh5 Rxh5
24. Qxh5 $16 {And again black's bigest problem-his king.}) 18. Bxe4 d5 (18...
Rb8 19. Bc6+ Kf8 20. Ne6+ fxe6 21. Qxh6+ Rg7 22. fxe6 $18) (18... Nxe4 19. Qxe4
Bxg5 20. hxg5 Rxg5 21. Qc6+ Kf8 22. Qf3 $16 {[%cal Gh2h5]}) 19. Bf3 Qd6 {
[%cal Ge8c8]} 20. Rde1 $1 $16 {[%csl Re7] Very wise move. White leaves the R
on h1,already at this point it is clear that black won't be able to leave
white N on g5 for a long time,so in the near future the h-file will get opened
and then white will use the R on h1.} Kd7 {[%cal Ga8f8]} 21. Re2 {[%csl Re7]
[%cal Gh1e1]} Ng4 22. Qb3 {[%csl Rd5,Rf7]} Bxg5 23. hxg5 c6 (23... e6 24. fxe6+
(24. g6 $18) 24... fxe6 25. Rxh5 $18) (23... Rxg5 24. Bxd5 Rd8 25. Bxf7 $16)
24. g6 $1 $18 {Clearing e6 for the rook.} Raf8 (24... fxg6 25. Re6 Qc7 26. Bxd5
$18) 25. gxf7 Rxf7 26. Re6 Qc7 27. Rxc6 $1 {[%cal Gf3d5,Gd5f7]} 1-0

[Event "Dubai op"]
[Site "Dubai"]
[Date "2001.04.17"]
[Round "3"]
[White "Kobalia, Mihail"]
[Black "Minasian, Artashes"]
[Result "1/2-1/2"]
[WhiteElo "2590"]
[BlackElo "2554"]
[Annotator "Rabinovich,Al"]
[PlyCount "86"]
[EventDate "2001.04.15"]
[EventType "swiss"]
[EventRounds "9"]
[EventCountry "UAE"]
[SourceTitle "CBM 083"]
[Source "ChessBase"]
[SourceDate "2001.07.05"]
[SourceVersion "1"]
[SourceVersionDate "2001.07.05"]
[SourceQuality "1"]

1. e4 g6 2. d4 d6 3. Nf3 Bg7 4. Bc4 Nf6 5. Qe2 c6 (5... O-O 6. O-O Bg4 {
0-1 Garcia,G-Benjamin,J/Connecticut USA 2000/The Week in Chess 286 (59)} (6...
Bg4 7. e5 dxe5 8. dxe5 Nd5 9. Nbd2 Nb6 10. Bb3 Nc6 11. e6 f5 12. c3 Na5 13. Bc2
Qd5 14. h3 Bh5 15. Rd1 Qc6 16. Nb3 Nxb3 17. Bxb3 Bxf3 18. gxf3 f4 $15 {[%csl
Rc1] 0-1 Schlosser,P-Bologan,V/Mulhouse FRA 2001/The Week in Chess 336 (44)}))
6. Bb3 (6. Nc3 O-O 7. e5 $14) 6... O-O 7. O-O a5 {[%cal Ga5a4]} (7... Bg4 8. e5
$14) 8. a4 b6 {[%cal Gc8a6]} (8... Na6 9. h3 Qc7 10. Nc3 e5 11. dxe5 dxe5 12.
Be3 h6 13. Rad1 Re8 14. Nd2 Bf8 15. Qf3 Nh5 16. Nc4 Nc5 17. Nb6 $3 Rb8 18. Nxc8
$4 $11 {0-1 Kazhgaleyev,M-Tkachiev,V/Cannes 1999/EXT 2000 (54)} (18. Rd7 $3 $18
{[%cal Gf3f7]})) 9. Rd1 d5 $5 10. Nbd2 (10. e5 Ba6 11. Qe1 Ne4 12. Nbd2 Nxd2
13. Bxd2 $11) (10. exd5 Ba6 11. Qe1 cxd5 $11) 10... Ba6 11. Qe1 (11. c4 $6 {
seems a little innatural. Black should equalize.} dxe4 12. Nxe4 Nbd7 $11 13. h3
) 11... e6 (11... dxe4 12. Nxe4 Nbd7 $14 {The difference between this position
and the position that could arise after 11.c4 is that the Bb3 is not blocked,
and that d4 can be protected by c2-c3.}) 12. c3 c5 (12... dxe4 13. Nxe4 Nbd7
14. Bf4 $14) 13. e5 Nfd7 {The position reminds some kind of French Defence
setup.White has better chances for the game,since black didn't finish
development yet.} 14. Nf1 {Black faces a dilema - should he exachange on f1?
On one hand, White would get two bishops. On the other hand, as the game shows,
the manouver Ne3-g4 is dangerous for Black, and after the forced advance f7-f6
White achieves an advantage.} Nc6 (14... Bxf1 $5 15. Qxf1 Nc6 16. Bg5 $14) 15.
Bg5 Qe8 (15... Qc7 16. Ne3 {[%cal Ge3g4,Gg4f6]} f5 17. exf6 Nxf6 (17... Bxf6
18. Ng4 $16) 18. Bxf6 Bxf6 19. Ng4 Qe7 20. Nxf6+ $14) 16. Ne3 {[%cal Ge3g4,
Gg4f6]} cxd4 17. cxd4 Nb4 {[%cal Gb4d3]} (17... f6 $2 18. Nxd5 $1 fxg5 (18...
exd5 19. Bxd5+ Kh8 (19... Rf7 $2 20. e6 $18) 20. Bxc6 fxg5 21. e6 $18) 19. Nc7
Qe7 20. Bxe6+ Kh8 21. Bxd7 Qxd7 22. Nxa8 Rxa8 23. d5 $16) 18. Ng4 f6 (18... Nd3
19. Qe3 (19. Qd2) 19... Nxb2 20. Rdb1 Nc4 21. Qf4 {[%cal Gg4f6] White has
compensation for the pawn, and maybe even has a practical advantage - it is
hard to play such a position as Black.}) 19. exf6 Nxf6 20. Nxf6+ Bxf6 21. Bxf6
Rxf6 {[%csl Rb6,Re6]} 22. Ne5 $16 Rc8 23. Rac1 (23. Ng4 $1 Rf8 (23... Rf4 24.
Nh6+ Kg7 25. Qe5+ Rf6 26. Ng4 $18) 24. Qe5 $18 {[%cal Gg4h6,Gg4f6]}) 23... Rf8
(23... Rxc1 24. Rxc1 Nd3 $2 (24... Bd3 25. Ng4 Rf8 26. Qe5 $18) 25. Nxd3 Bxd3
26. Bxd5 $18) 24. Rxc8 Bxc8 (24... Qxc8 25. Rc1 Qd8 26. Qe3 $16) 25. Rc1 Qe7
26. g3 (26. Bd1 $16 {[%cal Gd1g4]}) (26. Qe3 $16) 26... Ba6 27. Qe3 Rc8 28.
Rxc8+ Bxc8 29. h4 (29. Bd1 $16 {[%cal Gd1g4]}) 29... Bd7 30. Bd1 (30. Ng4 $1 {
[%cal Ge3e5]} Nc6 (30... h5 31. Ne5 $16 {[%csl Rg6] Another weakness - it
would be harder for Black to defend.}) 31. Bxd5 $1 exd5 32. Qxe7 Nxe7 33. Nf6+
Kf7 34. Nxd7 $16) 30... Nc6 31. Nxd7 $6 {White's only problem was d4. By
exchanging the knights he could have got rid of this problem and keep his
advantage. Now White still keeps some advantage, but smaller.} (31. Nxc6 Bxc6
32. Qe5 Kf7 33. h5 $16) 31... Qxd7 32. Bg4 Kf7 33. Qh6 Ke8 34. h5 Qf7 (34...
Nxd4 $4 35. hxg6 hxg6 36. Qh8+ $18) 35. hxg6 hxg6 36. Qh8+ Kd7 {White probably
lost most of his advantage.} 37. Be2 (37. Kg2) 37... Qf5 38. Bb5 Kd6 39. b3 (
39. Qc8 Nxd4 40. Qd8+ Ke5 41. Qh8+ Ke4 (41... Qf6 $4 42. f4+ Kf5 43. Bd3+ $18)
42. Qh4+ Ke5 (42... Kf3 $4 43. Qxd4 $18) 43. Qh8+ Ke4 44. Qh4+ Ke5 45. Qh8+ $11
) 39... g5 $11 {Very good move.White Q has no good places,the P-d4 deserves
some attention too.} 40. Qg7 (40. Bxc6 Kxc6 41. Qc8+ $11) 40... Qb1+ 41. Kh2 (
41. Kg2 Qe4+ $11) 41... Qf5 42. Kg1 Qb1+ 43. Kh2 Qf5 1/2-1/2

[Event "Vienna Bawag"]
[Site "Vienna"]
[Date "1996.??.??"]
[Round "8"]
[White "Kindermann, Stefan"]
[Black "Chernin, Alexander"]
[Result "0-1"]
[WhiteElo "2575"]
[BlackElo "2595"]
[Annotator "Rechlis,G"]
[PlyCount "98"]
[EventDate "1996.05.??"]
[EventType "tourn"]
[EventRounds "9"]
[EventCountry "AUT"]
[EventCategory "9"]
[SourceTitle "CBM 054"]
[Source "ChessBase"]
[SourceDate "1996.10.01"]
[SourceVersion "1"]
[SourceVersionDate "1996.10.01"]
[SourceQuality "1"]

1. e4 {Hecht} d6 2. d4 g6 3. Nc3 Bg7 4. Be3 a6 5. Qd2 b5 6. f3 Nd7 7. a4 b4 8.
Nd1 Rb8 9. c3 bxc3 10. bxc3 c5 11. a5 d5 $5 $146 (11... Ngf6 12. Bd3 e5 13. d5
O-O 14. Ne2 Ne8 15. g4 Bf6 16. h4 Bxh4+ 17. Kf1 f5 18. exf5 e4 19. Bxe4 Ne5 20.
Bh6 gxf5 21. gxf5 Rf7 22. Qf4 Bf6 23. Qg3+ Bg7 {Bergstrom,R-Davies,N/Gausdal/
1993/0,5/41/}) 12. exd5 (12. e5 c4 {/\...Rb5,Nb8,Nc6/}) 12... cxd4 13. Bxd4
Ngf6 14. Bc4 Qc7 15. Qe2 O-O $32 $44 16. Nh3 (16. Ne3 $142 Bb7 17. Kf2 Qd6 18.
Rd1) 16... Bb7 17. Ne3 Nxd5 $1 $17 18. Bxd5 Bxd4 19. cxd4 Qc3+ 20. Kf2 Bxd5 21.
Rhc1 (21. Nxd5 Qxd4+ 22. Ne3 Rb2 $19) 21... Qxd4 22. Rd1 Qh4+ 23. Kg1 Be6 24.
Nf2 Rb5 25. Ne4 Nf6 26. g3 Qh5 27. Nxf6+ exf6 28. Ng4 Bxg4 29. fxg4 Qc5+ 30.
Qf2 Qxf2+ 31. Kxf2 {Hecht: aktive sTT, Mattideen, schlechter wK und schlechte
B-Struktur bessere Verteidigung Zug 36 !?} Rb2+ 32. Kf3 Rb3+ 33. Kf2 Rb2+ 34.
Kf3 Rb3+ 35. Kf2 Re8 36. Rd6 (36. Ra2 $5 {Hecht} Re6 (36... Re4 37. Rd6) 37.
Rd8+ Kg7 38. Ra8) 36... Rb2+ 37. Kf3 Rb3+ 38. Kf2 Rb2+ 39. Kf3 Rxh2 40. Rxf6 (
40. Rxa6 {Hecht} Ree2 $19 {[%cal Rh2f2]}) 40... Rhe2 (40... Ree2 {Hecht} 41.
Rf1 {[%csl Ra6]} (41. g5 h6)) 41. g5 R2e3+ 42. Kg4 (42. Kf2 {Hecht} R3e6 43.
Rf4 Re5 44. Rf6 R8e6 $19) 42... R8e4+ 43. Kh3 Re5 44. Kh4 (44. Rxa6 {Hecht}
Rxg5 45. Rg1 Ra3 $19) 44... R3e4+ 45. g4 Re3 46. Rh1 (46. Rxa6 h6 47. Ra8+ (47.
gxh6 {Hecht} g5+ 48. Kh5 Rh3#) 47... Kh7 48. gxh6 g5+ 49. Kh5 Rh3#) 46... Rxa5
47. Rc6 Raa3 48. Rc8+ Kg7 49. Rc7 Rf3 0-1

[Event "Hamburg HSK Elo op 4th"]
[Site "Hamburg"]
[Date "2003.05.04"]
[Round "7"]
[White "Reddmann, Hauke"]
[Black "Berger, Steve"]
[Result "1-0"]
[WhiteElo "2358"]
[BlackElo "2335"]
[Annotator "Reddmann,H"]
[PlyCount "85"]
[EventDate "2003.05.01"]
[EventType "swiss"]
[EventRounds "7"]
[EventCountry "GER"]
[SourceTitle "EXT 2019"]
[Source "ChessBase"]
[SourceDate "2018.10.10"]
[SourceVersion "1"]
[SourceVersionDate "2018.10.10"]
[SourceQuality "1"]

1. d4 g6 2. e4 Bg7 3. Bc4 d6 4. c3 Nf6 5. Qe2 O-O 6. f4 d5 7. exd5 Nxd5 8. Nf3
Nb6 9. Bb3 a5 10. a4 Bf5 11. Nbd2 c5 {Davor hatte Weiß keine Angst, aber 11.
Be3 wäre wohl vorzuziehen gewesen.} 12. dxc5 N6d7 13. Nd4 Nxc5 14. Nxf5 Nd3+
15. Kd1 gxf5 16. Kc2 Nxf4 {Nur zu, bedien dich!} 17. Qf3 Qc7 18. Nc4 Ne6 19.
Qxf5 Nc5 20. Ba2 Nxa4 21. Be3 Nd7 22. Rhd1 Nac5 {Weiß stellt genervt fest, daß
die Bauernfresserei von Schwarz völlig OK war. In diesem Falle hilft nur, nach
tiefen Grübeln (damit es wie Berechnung aussieht) einen Beschiß zu entkorken.}
23. Rd4 b5 {Reingefallen!} (23... Bxd4 24. Bxd4 Qc6 {nebst Qg6 ist völlig OK,}
) ({und} 23... Ra6 {ebenfalls, wofern man am Fianchettoläufer hängt.}) 24.
Rh4 Nf6 25. Bxc5 {Das Endspiel nach 25.Qc5 Qxc5 26.Bxc5 bxc4 ist klar besser
für Weiß. Da er aber schon einmal im Angriff ist...} bxc4 26. Bd4 Rfb8 27. Re1
Qb7 28. Bxc4 Qxb2+ 29. Kd3 {Der König spaziert weiter in der Gegend herum, um
keine Tempi für seine Sicherung zu verschwenden. Leider kann Schwarz jetzt den
gefährlichsten Angreifer fesseln.} Rd8 30. Qg5 e6 31. Rg4 Ne8 {Er sollte
sofort die Qualität geben.} 32. Rf1 Rac8 33. Qe7 {Aus die Maus, Weiß bricht
nach f7 durch, und im Anschluß droht immer ein Matt.} Rxd4+ 34. cxd4 Kh8 35.
Rxf7 Qb1+ 36. Ke2 Qc2+ 37. Ke1 Qc1+ ({Hartnäckiger} 37... Qc3+ 38. Kd1 Qa1+
39. Ke2 Qb2+ 40. Kf1 {, doch nichts kann den Schwarzen mehr retten, da er den
weißen König erst einmal auf die f-Linie treiben muß, damit Nd6, die
einzige Deckung, nicht mit Rf8+ und Matt beantwortet wird.}) 38. Kf2 Nd6 {
38...Qh6 39.Rgxg7, und wieder ist kein Dauerschach drin.} 39. Qxd6 Qxc4 40.
Rgxg7 Qc2+ 41. Kg3 Rc3+ 42. Kh4 Qe4+ 43. Rg4 1-0

[Event "ISR-ch op"]
[Site "Ramat Aviv"]
[Date "1999.??.??"]
[Round "2"]
[White "Ribshtein, Nati"]
[Black "Avrukh, Boris"]
[Result "0-1"]
[WhiteElo "2300"]
[BlackElo "2600"]
[Annotator "Ribshtein,N"]
[PlyCount "78"]
[EventDate "1999.03.28"]
[EventType "swiss"]
[EventRounds "9"]
[EventCountry "ISR"]
[SourceTitle "CBM 070"]
[Source "ChessBase"]
[SourceDate "1999.06.08"]
[SourceVersion "1"]
[SourceVersionDate "1999.06.08"]
[SourceQuality "1"]

1. e4 d6 2. d4 g6 3. Nc3 a6 $5 4. Be3 b5 5. f3 Nd7 6. Qd2 Bb7 7. g4 Bg7 8. h4
h6 9. Nge2 c5 10. dxc5 b4 11. Nd5 dxc5 12. O-O-O e6 13. Ndf4 Qc7 14. Ng3 Ne7
15. Qd6 Qxd6 16. Rxd6 Nc6 $2 (16... Be5 17. Rd2 Nc6 $15) 17. Nxe6 fxe6 (17...
Be5 $2 18. Nc7+ Kd8 19. Rxd7+ Kxd7 20. Nxa8 Bxa8 21. f4 $18) 18. Rxe6+ Kf7 19.
Rd6 (19. Bc4 $2 Na5 $19) 19... Nce5 20. f4 Ke7 21. Rd2 (21. fxe5 $5 Bxe5 22.
Rxg6 Bxg3 23. Bc4 $1 (23. Rg7+ Kd8 24. Bc4 Be5) 23... Rh7 $8 24. Bg8 Rxg8 (
24... Rh8 $1 25. Bc4 Rh7 $11) 25. Rxg8 Bxe4 26. Rh3 Bd6 27. g5 $14) 21... Nxg4
22. Bh3 h5 23. Rhd1 Bc6 $2 (23... Rad8 24. Rd6 (24. Bxg4 hxg4 25. h5 Rxh5 $1
$19) 24... Bf6 $1 $17) (23... Rhd8 $2 24. Bxg4 hxg4 25. h5 $1 $16) 24. Bxg4
hxg4 25. Rd6 Bb5 26. Rxg6 Kf7 27. Rxg4 $6 (27. Rgd6 $1 Rad8 (27... Nf8 $2 28.
Nf5 $1 Re8 (28... Ne6 29. Rxe6 $18) 29. e5 Ne6 30. Rb6 $18) (27... Ra7 28. e5
Re8 (28... Rh6 29. Rxh6 Bxh6 30. Rd6 Bf8 31. e6+ $18) 29. Ne4 $18) 28. e5 Rhe8
(28... Rh6 29. Rxh6 Bxh6 30. Rd6 $18) 29. Ne4 $18) 27... Rag8 $1 28. e5 $2 (28.
Nf5 Bxb2+ $1 $19) (28. Rg5 $1 $15) 28... Bxe5 $1 $19 29. Rxg8 Rxg8 30. Nf5 Bg7
31. Nd6+ Ke7 32. Nxb5 axb5 33. Rd5 Rc8 34. f5 Rc6 35. Bg5+ Bf6 36. Rd3 Ne5 37.
Re3 Kf7 38. Rb3 Nc4 39. a3 Ra6 0-1

[Event "Dubai op 6th"]
[Site "Dubai"]
[Date "2004.04.20"]
[Round "2"]
[White "Sveshnikov, Evgeny"]
[Black "Satyapragyan, Swayangsu"]
[Result "0-1"]
[WhiteElo "2535"]
[BlackElo "2351"]
[Annotator "Rogozenco,D"]
[PlyCount "50"]
[EventDate "2004.04.19"]
[EventType "swiss"]
[EventRounds "9"]
[EventCountry "UAE"]
[SourceTitle "CBM 101"]
[Source "ChessBase"]
[SourceDate "2004.07.27"]
[SourceVersion "1"]
[SourceVersionDate "2004.07.27"]
[SourceQuality "1"]

1. e4 c5 2. c3 d5 3. exd5 Qxd5 4. d4 g6 5. Nf3 (5. dxc5 Qxc5 6. Be3 Qa5 7. Qb3
Bg7 8. Na3 Nc6 (8... Nf6 9. Qb5+ $16) 9. Bc4 $36 e6 $140 $6 10. Nb5 $16) 5...
Bg7 6. dxc5 $6 (6. c4) (6. Na3) 6... Qxc5 7. Qb3 {This move order of combining
Nf3 with dxc5, Qb3 and Bc4 is dubious for White, since he lacks time to create
anything. For such plan it is more useful to have the knight on a3, which
creates additional possibilities to increase the initiative with Qb5+ or Nb5 
(after ...e6). See 5.dxc5.} Nf6 8. Be3 Qa5 (8... Qc7 $5) 9. Bc4 $6 {I believe
this is a serious inaccuracy and it is rather strange to see such a play from
Sveshnikov, who certainly knows all the subtleties of 2.c3 Sicilian.} (9. Bb5+
$11) (9. Qb5+ $11 {This modest move might be objectively best.}) 9... O-O 10.
O-O Nc6 {Black has reached a comfortable equality, to say the least. It is not
so easy for White to complete development without making any concessions. His
bishops on c4 and e3 are exposed to attacks from opponent's knights.} 11. Ng5
$2 {Absolutely unnecessarily. White's wrong move order in the opening yelded
Black equality. This time Black quickly punishes White for his
over-optimistical play.} (11. Nbd2 Qc7 (11... Ng4 12. Bg5 $11) 12. Qb5 (12. Qc2
Bf5 13. Bd3 Nb4 $1) 12... Bd7 (12... a6 13. Qb6 $11) 13. Qg5 $11 {/=/+}) (11.
h3 Qc7 $15) (11. Nd4 Ne5 12. Be2 Neg4 $15) 11... e6 {Quite difficult already
for White to reach an acceptable position.} 12. Nd2 Qc7 {[%cal Gc6a5,Gf6g4]}
13. Be2 (13. Qc2 Ng4 $17) 13... Nd5 {[%csl Re3]} 14. Bc5 Rd8 $17 {[%csl Rc5]}
15. Rfd1 Na5 $1 {Most precise.} (15... b6 16. Ba3 Bb7 $17) 16. Qa3 b6 17. Bb4 (
17. Bd4 e5 (17... Bf8 18. Qa4 Bd7 19. Bb5 Bxb5 20. Qxb5 e5 {is not bad either})
) 17... Nc6 $19 {Basically White can resign already. Elementary accuracy is
needed for Black to convert his huge positional advantage.} 18. Nde4 h6 19. Nf3
Ncxb4 20. cxb4 Qc2 $1 {This move points out the miserable position of all
White's pieces.} 21. Nc3 (21. Bd3 Qxb2 22. Qxb2 Bxb2 23. Rab1 Bg7 $1 $19 {
Although White is just a pawn down, other material losses will follow soon.
The position is winning for Black.} (23... Nxb4 $4 24. Be2 $1 Rxd1+ 25. Bxd1
Nd3 26. Be2 Ba6 27. Ne1 Nxe1 28. Bxa6 $11)) 21... Bxc3 22. bxc3 Qxe2 23. Qc1
Bb7 24. Qxh6 Nf6 25. Re1 Qxf2+ 0-1

[Event "Ismailia Misr 2nd"]
[Site "Ismailia"]
[Date "2004.08.22"]
[Round "7"]
[White "Karpatchev, Aleksandr"]
[Black "Adly, Ahmed"]
[Result "1-0"]
[WhiteElo "2484"]
[BlackElo "2475"]
[Annotator "Rogozenco,D"]
[PlyCount "95"]
[EventDate "2004.08.16"]
[EventType "tourn"]
[EventRounds "11"]
[EventCountry "EGY"]
[EventCategory "10"]
[SourceTitle "CBM 103"]
[Source "ChessBase"]
[SourceDate "2004.11.11"]
[SourceVersion "1"]
[SourceVersionDate "2004.11.11"]
[SourceQuality "1"]

1. e4 c5 2. c3 d5 3. exd5 Qxd5 4. d4 g6 5. Nf3 Bg7 6. Na3 a6 $6 {Black cannot
afford making this prophylactic move. White develops his pieces very quickly
now.} (6... cxd4) 7. Bc4 Qd6 (7... Qe4+ 8. Be3 Bh6 (8... Nh6 9. dxc5 O-O 10.
O-O Nf5 11. Re1 $16 {1-0 Strand,T-Pena Marti,J/Benidorm 2002 (49)}) 9. O-O Bxe3
10. fxe3 Nh6 (10... Qxe3+ 11. Kh1 $44) 11. Qb3 (11. Qd2 $1 O-O 12. Ne5 $16)
11... e6 12. Rae1 b5 13. Be2 c4 14. Qd1 Qxe3+ 15. Kh1 Nf5 16. Bxc4 Qh6 17. Bd5
Ra7 18. Kg1 O-O 19. Be4 $14 {1/2-1/2 Ivanov,V-Rashkovsky,N/Moscow 1996 (32)})
8. Qa4+ $5 Nd7 (8... Bd7 9. Qb3 $16) 9. dxc5 Qxc5 10. Be3 Qc7 {"Improving"
over his own game, A.Adly quickly enters into another difficult position.} (
10... Qc6 11. Qxc6 (11. Bb5 $5 Qc7 12. O-O Ngf6 13. Bf4 Qc5 14. Ne5 $36) 11...
bxc6 12. Bb3 (12. O-O-O Ngf6 13. Rhe1 $14) 12... Ngf6 13. Ba4 Bb7 14. Nc4 Rc8
15. O-O-O O-O 16. Rhe1 $14 {Vysochin,S-Adly,A/Tanta City 2003. and after a
long game Black succeeded to save half a point, although his position was lost.
}) 11. O-O $16 Nh6 12. Bxh6 $5 {Starting a very interesting idea with a piece
sacrifice.} (12. Rfe1 Nf5 13. Bf4 $16) 12... Bxh6 13. Rfe1 Kf8 (13... e6 14.
Bxe6 fxe6 15. Rxe6+ Kf7 (15... Kf8 16. Rae1 $18) 16. Rae1 $36) 14. Bxf7 $1 Kxf7
15. Qh4 Qf4 16. Qxe7+ Kg8 17. Qd8+ Bf8 (17... Kg7 18. Re7+ $18) (17... Nf8 18.
Re7 $16 {[%cal Ga1e1]}) 18. Rad1 {After a forced operation White has a long
term initiative/attack for the sacrificed piece. Black's position is extremely
difficult, especially from the practical point of view.} Nc5 (18... Qf5 19. Re7
$5 (19. Nd4 $2 Qf6)) 19. Re7 ({More convincing is} 19. b4 $1 Ne6 20. Rxe6 Bxe6
21. Qxa8 $16) 19... Rb8 $1 20. Qd5+ Be6 21. Rxe6 Nxe6 22. Qxe6+ Qf7 23. Qg4 $1
(23. Qxf7+ Kxf7 24. Nc4 {is worse than 23.Qg4. In endgame it's easier for
Black to make a draw.}) 23... Bxa3 24. bxa3 {White allowed his opponent to
escape from immediate disaster. Still, in order to hold such a position with
ever-vulnerable-king one needs to play continuously very precise.} Re8 (24...
Qf5 25. Qb4 $5 $44 (25. Qc4+ Kg7 26. Qc7+ Kh6)) 25. h4 $1 Qf6 $2 (25... Kg7 $2
26. Rd7 Re7 27. Qd4+ Kg8 28. Rd8+ Re8 29. Ng5 $18) (25... Qf5 $142 26. Qc4+ (
26. Qb4 b5 (26... Qb5 27. Qxb5 $5 axb5 28. Rd7 $16) 27. a4 $14) 26... Qf7 27.
Rd5 $16) 26. h5 Qf5 (26... Qxc3 27. h6 $16 {[%csl Rg8,Rh8]} ({Less clear is} 
27. hxg6 hxg6 28. Qxg6+ Kf8 {and White cannot include his pieces into attack
because opponent's rooks are too active.})) 27. Qa4 Qb5 28. Qg4 (28. Qd4 $16)
28... Qf5 29. Qc4+ Qf7 30. Rd5 $1 {[%cal Gf3g5]} Kf8 (30... b5 31. Qd4 Qg7 32.
Re5 Rxe5 33. Nxe5 {[%cal Gd4d8]} Qe7 34. h6 $18) 31. h6 $18 Qf6 32. Rd7 (32.
Ng5 {wins immediately:} b5 ({After} 32... b6 {White has lots of wins. The
following ends with spectacular mate:} 33. Rd7 Re7 34. Rd8+ Re8 35. Qb4+ Qe7
36. Qd4 Rg8 37. Qf4+) 33. Qc5+ Kg8 34. Rd7 {[%cal Gd7g7]}) 32... Re7 33. Rd8+
Re8 34. Rd7 Re7 35. Rxb7 {This allows Black to put up a tough resistance.} (35.
Qc5 Ke8 36. Rd6 Qf5 37. Qd4 Rg8 38. Rd8+ Kf7 39. Qc4+ Re6 40. Rd7+ Kf8 41. Rxb7
{and Black can resign.}) 35... Rxb7 36. Qc8+ Ke7 37. Qxb7+ Kd8 38. Nd4 Rf8 39.
f3 Qd6 40. Qxh7 {Not bothering to calculate, he just takes pawns.} Re8 $2 (
40... Qg3 $1 {[%csl Rh7] White's task to find a forced win is suddenly very
difficult.} 41. Nc6+ Kc8 42. Qe7 Qf4 43. Qg7 $1 Qc1+ 44. Kh2 Qf4+ 45. g3 Qxf3
46. Ne7+ Kd8 47. Nxg6 Qe2+ 48. Kh3 Rf2 $132) 41. Qb7 Re1+ 42. Kf2 Rh1 43. h7
Qf6 44. Qb8+ Kd7 45. Qb7+ Kd8 46. Nc6+ Ke8 47. Qc8+ Kf7 48. Qg8# 1-0